000 01005nam a2200313 i 4500
001 bg
100 1 _aHEIDEGGER, Martin
_d(1889-1976)
245 1 0 _aBycie i czas /
_cMartin Heidegger ; przeł., przedmową i przypisami opatrzył Bogdan Baran.
246 _iTyt. oryg.:
_aSein und Zeit
250 _aWyd. 2 (2 dodr.).
260 _aWarszawa :
_bWydawnictwo Naukowe PWN,
_c2007.
300 _aXXIX, 568 s. ;
_c21 cm.
490 1 _aBiblioteka Klasyków Filozofii
500 _aTyt. oryg.: "Sein und Zeit".
504 _aIndeksy.
650 9 _aEgzystencjalizm
650 9 _aFenomenologia
650 9 _aMetafizyka
650 9 _aOntologia
700 1 _aBARAN, Bogdan
_d(1952- )
830 _aBiblioteka Klasyków Filozofii
020 _a9788301141783
040 _cBPK
041 1 _apol
_hger
920 _a978-83-01-14178-3
942 _cKS
008 s pl f |000 0 pol
999 _c52997
_d52997
856 _uhttp://koha.tu.koszalin.pl/cgi-bin/koha/opac-detail.pl?biblionumber=52997
_yKatalog online BPK